000 01101cab a2200253 4500
001 ABS48564
008 090401t1993 xxu||||| |||| 00| 0 eng d
035 _a(Sirsi) u67373
041 _aeng
245 _aL/M International Construction Inc and Trafalgar House Construction Management Ltd v The Circle Limited Partnership
260 _c1993
350 _a0
490 _aConstruction Industry Law Letter
_v1993 CILL 830-833(4)
520 _aCA 19 November 1992. The plaintiffs (L) claimed costs and fees from the defendants (C) who had engaged them as project managers on a construction project. C counterclaimed that they had already paid L more than agreed in the cost plan. C ordered to give security for L`s costs in defending the counterclaim. C sought leave to appeal but this was not granted.
650 _aBUILT ENVIRONMENT-BUILDING CONTRACT FORMS
650 _aCOUNTERCLAIM
650 _aFEES
650 _aMANAGEMENT FEES
650 _aPROJECT MANAGERS
650 _aSECURITY FOR COSTS
690 _aBUILDING AND CONSTRUCTION-CASE LAW
942 _n0
948 _c04/03/1997
999 _c42166
_d42166